CBI calls for RDA shake-up (Record no. 67978)
[ view plain ]
| 000 -LEADER | |
|---|---|
| fixed length control field | 00858cam a2200205 4500 |
| 001 - CONTROL NUMBER | |
| control field | WB3731-44 |
| 008 - FIXED-LENGTH DATA ELEMENTS--GENERAL INFORMATION | |
| fixed length control field | 010809n2001 000 0 eng u |
| 035 ## - SYSTEM CONTROL NUMBER | |
| System control number | (Sirsi) u114045 |
| 245 ## - TITLE STATEMENT | |
| Title | CBI calls for RDA shake-up |
| 260 ## - PUBLICATION, DISTRIBUTION, ETC. | |
| Date of publication, distribution, etc. | 2001 |
| 490 ## - SERIES STATEMENT | |
| Series statement | CBI News |
| Volume/sequential designation | 8 August 2001, (3) |
| 520 ## - SUMMARY, ETC. | |
| Summary, etc. | A CBI report "Getting down to business" calls for regional development agencies (RDAs) to undergo significant changes to improve their performance. The report suggests that small budgets, government interference and heavy workloads have prevented RDAs from delivering economic regeneration to the business community. Summary of report available at http://www.cbi.org.uk |
| 590 ## - LOCAL NOTE (RLIN) | |
| Local note | WB |
| 650 ## - SUBJECT ADDED ENTRY--TOPICAL TERM | |
| Topical term or geographic name entry element | REGIONAL DEVELOPMENT AGENCIES |
| 650 ## - SUBJECT ADDED ENTRY--TOPICAL TERM | |
| Topical term or geographic name entry element | RDAS |
| 650 ## - SUBJECT ADDED ENTRY--TOPICAL TERM | |
| Topical term or geographic name entry element | ECONOMIC GROWTH |
| 650 ## - SUBJECT ADDED ENTRY--TOPICAL TERM | |
| Topical term or geographic name entry element | BUSINESS COMMUNITY |
| 690 ## - LOCAL SUBJECT ADDED ENTRY--TOPICAL TERM (OCLC, RLIN) | |
| Topical term or geographic name as entry element | REGENERATION |
| 942 ## - ADDED ENTRY ELEMENTS (KOHA) | |
| Suppress in OPAC | 0 |
| Withdrawn status | Lost status | Source of classification or shelving scheme | Damaged status | Not for loan | Home library | Current library | Shelving location | Date acquired | Total Checkouts | Full call number | Barcode | Date last seen | Copy number | Price effective from | Koha item type |
|---|---|---|---|---|---|---|---|---|---|---|---|---|---|---|---|
| Dewey Decimal Classification | London | London | News article | 09/08/2001 | WB3731-44 | 114045-1001 | 06/08/2019 | 1 | 06/08/2019 | News article |